Recuerdos
Saved in:
| Hovedforfatter: | |
|---|---|
| Format: | Bog |
| Sprog: | spansk |
| Udgivet: |
Barcelona
Plaza & Janes
1979
|
| Udgivelse: | 1a. ed |
| Fag: | |
| Tags: |
Tilføj Tag
Ingen Tags, Vær først til at tagge denne postø!
|
MARC
| LEADER | 00000cam a2200000 a 4500 | ||
|---|---|---|---|
| 001 | UCE7251 | ||
| 003 | CL-VaPUC | ||
| 008 | 150529e19790000sp |||||||||||||||||spa|d | ||
| 082 | 0 | 4 | |a 891.402 |b TAG |2 21 |
| 100 | |a Tagore, Rabindranath, |d 1861-1941 |e autor |9 339509 | ||
| 245 | 1 | 0 | |a Recuerdos |
| 250 | |a 1a. ed | ||
| 300 | |a 299 p | ||
| 942 | |c BK | ||
| 945 | |d 20150529 15:00:00 |a gsalatino | ||
| 260 | |a Barcelona |b Plaza & Janes |c 1979 | ||
| 650 | 0 | |a Literatura hindú |9 342647 | |
| 583 | |a last modification |c 20150529 15:00:00 |k Rodrigo Vera | ||
| 999 | |c 359352 |d 359350 | ||
| 952 | |0 0 |1 0 |3 erb |4 0 |6 891_402000000000000_TAG_1979 |7 0 |8 A |9 468511 |a BIBEDU |b BIBEDU |e Villagrán Garnham, Jorge |i 5176468 |o 891.402 TAG 1979 |p 5176468 |r 2019-11-23 |w 2019-11-23 |y BK |z Catalogado en:20150529 |k LIT | ||